Using TCP/IP : (Record no. 176408)
[ view plain ]
| 000 -LEADER | |
|---|---|
| fixed length control field | 00666 a2200193 4500 |
| 003 - CONTROL NUMBER IDENTIFIER | |
| control field | Nust |
| 005 - DATE AND TIME OF LATEST TRANSACTION | |
| control field | 20220729130953.0 |
| 020 ## - INTERNATIONAL STANDARD BOOK NUMBER | |
| International Standard Book Number | 8120315464 |
| 040 ## - CATALOGING SOURCE | |
| Transcribing agency | Nust |
| 082 ## - DEWEY DECIMAL CLASSIFICATION NUMBER | |
| Classification number | 004.6,RAY |
| 100 ## - MAIN ENTRY--PERSONAL NAME | |
| Personal name | Ray, John |
| 9 (RLIN) | 95791 |
| 245 ## - TITLE STATEMENT | |
| Title | Using TCP/IP : |
| Remainder of title | The One Source Comprehensive Solutions (Include CD) / |
| Statement of responsibility, etc. | Johan Ray |
| 260 ## - PUBLICATION, DISTRIBUTION, ETC. | |
| Place of publication, distribution, etc. | New delhi |
| Name of publisher, distributor, etc. | Prentice Hall |
| Date of publication, distribution, etc. | 1999 |
| 300 ## - PHYSICAL DESCRIPTION | |
| Extent | 797 p .: |
| 505 ## - FORMATTED CONTENTS NOTE | |
| Formatted contents note | Part- I:TCP/IP and Networking (Page-7), Part-II: TCP/IP Protocols (Page-103), Part-III: TCP/IP Services (Page-167), Part -IV:Connecting to the Internet (Page-289). |
| 650 ## - SUBJECT ADDED ENTRY--TOPICAL TERM | |
| Topical term or geographic name entry element | Using TCP/IP |
| 9 (RLIN) | 95792 |
| 651 ## - SUBJECT ADDED ENTRY--GEOGRAPHIC NAME | |
| Geographic name | (Include CD) |
| 9 (RLIN) | 8953 |
| 942 ## - ADDED ENTRY ELEMENTS (KOHA) | |
| Source of classification or shelving scheme | |
| Koha item type | Book |
| Call number prefix | 004.6,RAY |
| Withdrawn status | Lost status | Source of classification or shelving scheme | Damaged status | Not for loan | Permanent Location | Current Location | Shelving location | Date acquired | Full call number | Barcode | Date last seen | Price effective from | Koha item type | Public note |
|---|---|---|---|---|---|---|---|---|---|---|---|---|---|---|
| Military College of Signals (MCS) | Military College of Signals (MCS) | General Stacks | 12/12/2016 | 004.6,RAY | MCS28277 | 12/08/2016 | 12/12/2016 | Book | Almirah No.8, Shelf No.2 |
